| 000 | 00989nam a22002897a 4500 | ||
|---|---|---|---|
| 001 | 7810 | ||
| 003 | FISKH | ||
| 005 | 20250811095711.0 | ||
| 008 | 250811b cb ||||| |||| 00| 0 eng d | ||
| 040 |
_aFISKH _beng _cFISKH _dFISKH |
||
| 050 | _aPZ7 | ||
| 082 | _a398.2 | ||
| 100 | _aDavidson, Susanna | ||
| 245 |
_aBaba Yaga : _bThe flying witch / _cRetold by Susanna Davidson ; Illustrated by Sara Rojo |
||
| 250 | _aThis edition first published in 2008 | ||
| 260 |
_aLondon : _bUsborne, _c2008 |
||
| 300 |
_a48 pages : _bcolor illustrations ; _c20 cm |
||
| 505 | _aJ | ||
| 520 | _aWhen her stepmother tells Tasha to visit a witch named Baba Yaga to get a needle and thread, she soon finds herself in a trap from which she must use her wits and cunning to escape. | ||
| 521 | 8 |
_a470
_bLexile |
|
| 521 | 8 |
_aJ
_bRaz-Plus |
|
| 650 |
_2Usborne _aFolktale |
||
| 650 |
_2Puzzles _aJunior Fiction |
||
| 700 |
_aRojo, Sara _dillustrator |
||
| 942 |
_2ddc _cBK _n0 |
||
| 999 |
_c7810 _d7810 |
||